000 00717nam a2200241 i 4500
001 C2-0242561
003 PPAK
005 20180727204527.0
008 021001s2001 my a|||| ||||| | may d
020 _a983626762X
040 _aPPAK
_beng
_cPPAK
_erda
082 0 4 _a959.5119
_223
090 0 0 _a959.5119
_bISM
_dG
100 0 _aIsmail Johari,
_eauthor
245 1 0 _aBukit Kepong
264 1 _aKuala Lumpur :
_bDewan Bahasa dan Pustaka ,
_c2001, 2003
300 _avi, 349 pages :
_billustrations ;
_c19 cm
336 _2rdacontent
_atext
337 _2rdamedia
_aunmediated
338 _2rdacarrier
_avolume
650 1 0 _aCommunists - Johor - Muar - History ; Violence - Johor - Muar- History
942 _ddc
_cB
999 _c57300
_d57300